Sports Quiz

Random Sports or NBA Quiz

NBA Opening Night Starters: Chicago Bulls Quiz Stats

 Plays Quiz Updated Apr 5, 2019

Score 0/145 Timer 10:00
4 Plays Today
Year Player % Correct
1990-91Michael Jordan
99.1%
1991-92Michael Jordan
99.1%
1992-93Michael Jordan
99.1%
1995-96Michael Jordan
99.1%
1996-97Michael Jordan
99.1%
1997-98Michael Jordan
99.1%
1990-91Scottie Pippen
97.2%
1991-92Scottie Pippen
97.2%
1992-93Scottie Pippen
97.2%
1993-94Scottie Pippen
97.2%
1994-95Scottie Pippen
97.2%
1995-96Scottie Pippen
97.2%
1996-97Scottie Pippen
97.2%
2003-04Scottie Pippen
97.2%
2008-09Derrick Rose
94.9%
2009-10Derrick Rose
94.9%
2011-12Derrick Rose
94.9%
2013-14Derrick Rose
93.7%
2002-03Jalen Rose
93.4%
2003-04Jalen Rose
93.4%
2014-15Derrick Rose
93.2%
2015-16Derrick Rose
92.6%
2009-10Joakim Noah
87.1%
1995-96Dennis Rodman
87.1%
1996-97Dennis Rodman
87.1%
2011-12Joakim Noah
87%
2012-13Joakim Noah
87%
2013-14Joakim Noah
86%
2010-11Derrick Rose
85.2%
2014-15Joakim Noah
84.8%
2015-16Jimmy Butler
81.6%
2013-14Jimmy Butler
80.1%
2016-17Jimmy Butler
80%
2010-11Joakim Noah
78.1%
2006-07Luol Deng
74.6%
2007-08Luol Deng
74.6%
2008-09Luol Deng
74.6%
2009-10Luol Deng
74.6%
2011-12Luol Deng
73.3%
2012-13Luol Deng
73.3%
1990-91Horace Grant
73.2%
1991-92Horace Grant
73.2%
1992-93Horace Grant
73.2%
1993-94Horace Grant
73.2%
2017-18Jerian Grant
70.5%
2018-19Zach LaVine
69%
2011-12Carlos Boozer
68.5%
2012-13Carlos Boozer
68.4%
2010-11Luol Deng
67.8%
Year Player % Correct
1997-98Toni Kukoc
66.6%
1998-99Toni Kukoc
66.6%
1999-00Toni Kukoc
66.6%
2004-05Kirk Hinrich
66.4%
2005-06Kirk Hinrich
66.4%
2006-07Kirk Hinrich
66.4%
2007-08Kirk Hinrich
66.4%
2013-14Luol Deng
65.7%
2012-13Kirk Hinrich
64.8%
1996-97Luc Longley
63.9%
1997-98Luc Longley
63.9%
1992-93B.J. Armstrong
60.6%
1993-94B.J. Armstrong
60.6%
1994-95B.J. Armstrong
60.6%
2013-14Carlos Boozer
60%
1994-95Ron Harper
59.9%
1995-96Ron Harper
59.9%
1996-97Ron Harper
59.9%
1997-98Ron Harper
59.9%
1998-99Ron Harper
59.9%
2004-05Ben Gordon
59.5%
2006-07Ben Gordon
59.5%
2007-08Ben Gordon
59.5%
2016-17Dwyane Wade
59.3%
2014-15Pau Gasol
59%
2014-15Kirk Hinrich
58%
1990-91Bill Cartwright
58%
1991-92Bill Cartwright
58%
1992-93Bill Cartwright
58%
1993-94Bill Cartwright
58%
2016-17Robin Lopez
56.4%
2015-16Taj Gibson
56.1%
2017-18Robin Lopez
54.6%
2016-17Taj Gibson
54%
1990-91John Paxson
53%
1991-92John Paxson
53%
2015-16Pau Gasol
53%
2016-17Rajon Rondo
48.2%
2002-03Tyson Chandler
46.9%
2004-05Tyson Chandler
46.9%
2005-06Tyson Chandler
46.9%
2018-19Wendell Carter Jr.
46.9%
1999-00Elton Brand
46.1%
2000-01Elton Brand
46.1%
2002-03Jay Williams
44.2%
2017-18Lauri Markkanen
44%
2002-03Eddy Curry
43.7%
2003-04Eddy Curry
43.7%
2010-11Taj Gibson
41.9%
Year Player % Correct
2011-12Richard Hamilton
41.4%
2012-13Richard Hamilton
41.4%
1995-96Bill Wennington
39.1%
2018-19Bobby Portis
36.7%
2014-15Mike Dunleavy
35.2%
2007-08Tyrus Thomas
33.9%
2008-09Tyrus Thomas
33.9%
2009-10Tyrus Thomas
33.9%
2006-07Ben Wallace
31.4%
2007-08Ben Wallace
31.4%
2001-02Brad Miller
30.7%
2018-19Justin Holiday
28.3%
2017-18Justin Holiday
27.6%
1999-00Randy Brown
26.3%
2006-07P.J. Brown
26.2%
2000-01Ron Artest
25.5%
2003-04Jamal Crawford
25%
1994-95Will Perdue
24.3%
2018-19Cameron Payne
19.4%
2001-02Charles Oakley
19.1%
2004-05Andres Nocioni
16.8%
2005-06Andres Nocioni
16.8%
2015-16Tony Snell
16.4%
2010-11Keith Bogans
16.2%
2000-01Ron Mercer
15.4%
2001-02Ron Mercer
15.4%
2009-10John Salmons
13.5%
1999-00Dickey Simpkins
12.7%
2005-06Chris Duhon
12.2%
1993-94Pete Myers
11.8%
2017-18Paul Zipser
11.8%
1997-98Jason Caffey
11.6%
2008-09Drew Gooden
10.3%
1998-99Brent Barry
7.5%
2004-05Othella Harrington
7.2%
2008-09Thabo Sefolosha
6.7%
2001-02Fred Hoiberg
6.4%
2000-01Khalid El-Amin
5.5%
1999-00Hersey Hawkins
5.2%
2001-02Greg Anthony
5%
1998-99Mark Bryant
4.2%
1998-99Andrew Lang
3.8%
2002-03Trenton Hassell
3.8%
2000-01Michael Ruffin
3.7%
2003-04Lonny Baxter
3.2%
1994-95Larry Krystkowiak
2.9%
2005-06Darius Songaila
2.7%

You're not logged in!

Compare scores with friends on all Sporcle quizzes.
OR
Log In

Sporcle TV

Today on Sporcle TV


Watch our educational content, quiz creation guides, and fun videos on Sporcle TV.

Show Comments

Extras

Top Quizzes Today


Score Distribution

Your Account Isn't Verified!

In order to create a playlist on Sporcle, you need to verify the email address you used during registration. Go to your Sporcle Settings to finish the process.

Report this User

Report this user for behavior that violates our Community Guidelines.

Details: